000
00183 a2200097 4500
020
_a
9788492636693
041
_a
spa
100
_a
Anonimo
245
_a
Oveja en la Granja
942
_c
BK
999
_c
15885
_d
15885